01788nam a22001937a 4500999001700000020001800017082001900035100002800054245009400082260005200176300001300228504003600241520107600277650002101353650002201374650002901396942001201425952015701437 c38784d38784 a9781009455961 a320.954bPAR-R aParasher, TejaseAuthor aRadical Democracy in Modern Indian Political ThoughtbIndian PoliticalcBy Tejas Parasher aNew Delhi :bCambridge University Press,c2023. ax, 203p. aInclude Bibliography and index. aBetween the 1910s and the 1970s, an eclectic group of Indian thinkers, constitutional reformers, and political activists articulated a theory of robustly democratic, participatory popular sovereignty. Taking parliamentary government and the modern nation-state to be prone to corruption, these thinkers advocated for ambitious federalist projects of popular government as alternatives to liberal, representative democracy. Radical Democracy in Modern Indian Political Thought is the first study of this counter-tradition of democratic politics in South Asia. Examining well-known historical figures such as Dadabhai Naoroji, M. K. Gandhi, and M. N. Roy alongside long-neglected thinkers from the Indian socialist movement, Tejas Parasher illuminates the diversity of political futures imagined at the end of the British Empire in South Asia. This book reframes the history of twentieth-century anti-colonialism in novel terms – as a contest over the nature of modern political representation – and pushes readers to rethink accepted understandings of democracy today. aDemocracyzIndia aRadicalismzIndia aPolitical ThoughtzIndia 2ddccBK 00104070aNASSDOCbNASSDOCd2024-03-20eAll India Book Houseg573.99i2024-03-20l0o320.954 PAR-Rp53967r2024-04-12 00:00:00v795.00w2024-03-20yBK